San Sebastián (Record no. 111174)

MARC details
000 -LEADER
campo de control de longitud fija 01207nam a2200289 4500
001 - NÚMERO DE CONTROL
campo de control 111174
003 - IDENTIFICADOR DE NÚMERO DE CONTROL
campo de control ES-MaACL
005 - FECHA Y HORA DE LA ÚLTIMA TRANSACCIÓN
campo de control 20230906185245.0
007 - CAMPO FIJO DE DESCRIPCIÓN FÍSICA--INFORMACIÓN GENERAL
campo de control de longitud fija t|
008 - DATOS DE LONGITUD FIJA--INFORMACIÓN GENERAL
campo de control de longitud fija 061121s1963 sp r ||||1| spa d
080 ## - NÚMERO DE LA CLASIFICACIÓN DECIMAL UNIVERSAL
Número de la Clasificación Decimal Universal 623.1(466.2 S.S.)"15/16"
080 ## - NÚMERO DE LA CLASIFICACIÓN DECIMAL UNIVERSAL
Número de la Clasificación Decimal Universal 946.62 S.S."1813"
100 1# - ENTRADA PRINCIPAL--NOMBRE DE PERSONA
Nombre de persona Olavide, Juan.
9 (RLIN) 86675
245 10 - MENCIÓN DEL TÍTULO
Título San Sebastián
Resto del título : historia de sus fortificaciones : siglos XVI y XVII. El sitio de 1813 /
Mención de responsabilidad, etc. por Olavide, Albarellos, Vigón ; notas ampliatorias del coronel Mexía Carrillo.
260 ## - PUBLICACIÓN, DISTRIBUCIÓN, ETC.
Lugar de publicación, distribución, etc. Zarauz :
Nombre del editor, distribuidor, etc. Ayuntamiento de San Sebastián,
Fecha de publicación, distribución, etc. 1963.
300 ## - DESCRIPCIÓN FÍSICA
Extensión 360 p., 9 lám. ;
Dimensiones 26 cm.
490 1# - MENCIÓN DE SERIE
Mención de serie Ediciones del Excmo. Ayuntamiento de la ciudad de San Sebastián ;
Designación de volumen o secuencia Colección A
650 #4 - PUNTO DE ACCESO ADICIONAL DE MATERIA--TÉRMINO DE MATERIA
Término de materia o nombre geográfico como elemento de entrada Fortificaciones-
Subdivisión geográfica San Sebastián.
9 (RLIN) 143183
651 #4 - PUNTO DE ACCESO ADICIONAL DE MATERIA--NOMBRE GEOGRÁFICO
Nombre geográfico San Sebastián-
Subdivisión general Historia-
Subdivisión cronológica 1813 (Sitio)
9 (RLIN) 153433
700 1# - ENTRADA AGREGADA--NOMBRE PERSONAL
Nombre de persona Albarellos, Braulio.
9 (RLIN) 19237
700 1# - ENTRADA AGREGADA--NOMBRE PERSONAL
Nombre de persona Vigón y Suerodíaz, Juan.
9 (RLIN) 114667
700 0# - ENTRADA AGREGADA--NOMBRE PERSONAL
Nombre de persona Mexía Carrillo, Fernando.
9 (RLIN) 80769
710 0# - ENTRADA AGREGADA--NOMBRE DE ENTIDAD CORPORATIVA
Nombre de entidad corporativa o nombre de jurisdicción como elemento de entrada San Sebastián.
Unidad subordinada Ayuntamiento.
9 (RLIN) 6490
830 0# - PUNTO DE ACCESO ADICIONAL DE SERIE-TÍTULO UNIFORME
Título uniforme Ediciones del Excmo. Ayuntamiento de la ciudad de San Sebastián ;
Designación de volumen o secuencia Colección A
9 (RLIN) 233054
852 ## - LOCALIZACIÓN
Ubicación ES-MaACL
Número de control de estantería C-23593
Sublocalización o colección R.52401
Holdings
Estatus retirado Estado de pérdida Estado de daño No para préstamo Biblioteca de origen Biblioteca actual Ubicación en estantería Fecha de adquisición Fuente de adquisición Total de préstamos Signatura topográfica completa Código de barras Visto por última vez Precio de reemplazo Tipo de ítem Koha
        Biblioteca del Ateneo de Madrid Biblioteca del Ateneo de Madrid Depósito 2 17/01/2008     C-23593 1115989 23/02/2023 23/02/2023 Libro impreso